000 00608nam a22001817a 4500
005 20251111161635.0
008 251111b |||||||| |||| 00| 0 eng d
020 _a9780273774211
050 _aTK5101
_b.C69
100 _aCouch, Leon W.
245 _aDigital and Analog Communication Systems
_cLeon W. Couch, international edition contributions by Muralidhar Kulkarni & U. Sripati Acharya
250 _a8th ed.
_binternational edition
260 _aBoston
_bPearson
_c2013
300 _a784p.
_bill.
_c23cm
700 _a Kulkarni, Muralidhar
700 _aAcharya U. Sripati
942 _2lcc
_cBK
_e8th ed.
_n0
999 _c8219
_d8219